|
|
|
|
| LEADER |
00000nam#a22000001a#4500 |
| 001 |
00024346 |
| 003 |
AR-BaUAD |
| 005 |
20230908140418.0 |
| 008 |
931130s1992####ag#||||##||||||||#||spa|d |
| 040 |
|
|
|a AR-BaUAD
|b spa
|c AR-BaUAD
|
| 041 |
|
|
|a spa
|
| 044 |
|
|
|c ar
|2 ISO3166-1
|
| 100 |
1 |
|
|a Iturralde Rúa, Víctor A.
|
| 245 |
1 |
3 |
|a El ojo oye, el oído ve :
|b vida, obra y técnica de Norman Mc Laren, un genio del cine
|
| 260 |
|
|
|a Mendoza :
|b Centro Cultural Cuyo Canadá,
|c 1992
|
| 300 |
|
|
|a 40 p.
|
| 653 |
|
|
|a ANIMACION
|
| 653 |
|
|
|a CINE DE ANIMACION
|
| 653 |
|
|
|a BIOGRAFIAS
|
| 653 |
|
|
|a FILMOGRAFIAS
|
| 653 |
|
|
|a MC LAREN, NORMAN
|
| 653 |
|
|
|a CANADA
|
| 655 |
|
|
|a TEXTO
|
| 852 |
|
|
|c 134-3
|
| 952 |
|
|
|0 0
|1 0
|4 0
|6 1343
|7 0
|9 8926
|a AR-BaUAD
|b AR-BaUAD
|d 0000-00-00
|e donac. Embajada de Canadá
|g 5.00
|i 24346
|l 0
|o 134-3
|p s6j2d24346
|r 2023-09-08 14:04:18
|w 2023-09-08
|y BK
|
| 990 |
|
|
|a Ej. No1 : 24346 . 1/10/1993 -- donac. Embajada de Canadá -- (5 pesos).
|b ADM
|
| 990 |
|
|
|a C199
|b TD
|
| 990 |
|
|
|a AAQ00024346
|b CC
|
| 998 |
|
|
|a AAQ
|b Bibun 76
|
| 942 |
|
|
|c BK
|
| 999 |
|
|
|c 3985
|d 3985
|